| 000 | 00683nam a2200205 u 4500 | ||
|---|---|---|---|
| 005 | 20230923063604.0 | ||
| 008 | 100121s2007 ag r 000 0 spa d | ||
| 020 | _a9789876290197 | ||
| 035 | _aUPN01000174329 | ||
| 049 | _aCG | ||
| 050 | 4 |
_aLC1091 _bC5.8 |
|
| 245 | 0 | 0 |
_aCiudadanía y desarrollo humano : _bcuaderno de gobernabilidad democrática 1 / _ccoord. Fernando Calderón. |
| 260 |
_aBuenos Aires : _bSiglo XXI : _bPNUD, _c2007. |
||
| 300 |
_a345 p. : _bgráfs., cuadros |
||
| 650 | 2 |
_aCiudadanía _zAmérica Latina _910627 |
|
| 650 | 4 |
_aDEMOCRACIA - _zAMERICA LATINA _97543 |
|
| 650 | 2 |
_aDesarrollo humano _913482 |
|
| 700 | 1 |
_aCalderón, Fernando, _ecoord. |
|
| 905 | _aLibro | ||
| 999 |
_c146433 _d146433 |
||